All Teams Ever Managed by Guus Hiddink - Statistics

General Stats
  • This quiz has been taken 363 times
  • The average score is 8 of 18
Answer Stats
Years Answer % Correct
2015-'16 Chelsea
85%
2009 Chelsea
85%
2014-'15 Netherlands
81%
1995-'98 Netherlands
81%
2002-'06 PSV Eindhoven
81%
1987-'90 PSV Eindhoven
81%
1998-'99 Real Madrid
52%
2001-'02 South Korea
52%
2006-'10 Russia
41%
2005-'06 Australia
39%
2010-'11 Turkey
19%
1994 Valencia
19%
1991-'93 Valencia
19%
2018-'19 China U-21/U-23
18%
2020-'21 Curaçao
12%
1990-'91 Fenerbahce
12%
2000 Real Betis
9%
2012-'13 Anzhi Makhachkala
6%
No matching quizzes found
Score Distribution
Percent of People with Each Score
Percentile by Number Answered
Your Score History
You have not taken this quiz